[Event "Santa Rosa Villarreal Memorial 29th"]
[Site "Santa Rosa"]
[Date "2023.12.10"]
[Round "7"]
[White "Beherens, Leonardo"]
[Black "Gimenez Aguirre, Ismael Alejo"]
[Result "1-0"]
[WhiteElo "2088"]
[BlackElo "2185"]
[PlyCount "81"]
[EventDate "2023.12.08"]
[EventType "swiss"]
[EventRounds "7"]
[EventCountry "ARG"]
[SourceTitle "CB51_2023"]
[SourceDate "2023.12.20"]
[SourceVersion "1"]
[SourceVersionDate "2023.12.20"]
[SourceQuality "1"]

1. d4 Nf6 2. c4 e6 3. Nc3 Bb4 4. e3 c5 5. Bd3 0-0 6. Nf3 d5 7. 0-0 dxc4 8. Bxc4 cxd4 9. exd4 b6 10. Qd3 Bb7 11. Bg5 Nbd7 12. a3 Bxc3 13. bxc3 Rc8 14. Nd2 h6 15. Bh4 Qc7 16. Rac1 Ne4 17. Bb5 Nxd2 18. Qxd2 Qd6 19. Rfe1 Nc5 20. Qe3 Qd5 21. Bf1 Ne4 22. f3 Nd6 23. Qd3 Nf5 24. Bf2 Qa5 25. c4 Ba6 26. Qb3 Rfd8 27. Re5 Qd2 28. Rd1 Qg5 29. Qa4 Bb7 30. d5 Qf6 31. Rde1 exd5 32. Bd3 Nd6 33. cxd5 Ra8 34. Bh4 g5 35. Bxg5 hxg5 36. Qg4 Kf8 37. Rxg5 Qh8 38. Rh5 Qf6 39. Qh3 Qd4+ 40. Kh1 Kg8 41. Rg5+ 1-0

[Event "Santa Rosa Villarreal Memorial 29th"]
[Site "Santa Rosa"]
[Date "2023.12.09"]
[Round "3"]
[White "Beherens, Leonardo"]
[Black "De la Cruz Raful, Tiago"]
[Result "1-0"]
[WhiteElo "2088"]
[BlackElo "1556"]
[PlyCount "85"]
[EventDate "2023.12.08"]
[EventType "swiss"]
[EventRounds "7"]
[EventCountry "ARG"]
[SourceTitle "CB51_2023"]
[SourceDate "2023.12.20"]
[SourceVersion "1"]
[SourceVersionDate "2023.12.20"]
[SourceQuality "1"]

1. d4 Nf6 2. c4 e6 3. Nc3 Bb4 4. e3 b6 5. Bd3 Bb7 6. Nf3 0-0 7. 0-0 d5 8. Qe2 Re8 9. a3 Bd6 10. e4 dxe4 11. Nxe4 Nxe4 12. Bxe4 Bxe4 13. Qxe4 Nd7 14. Bg5 Be7 15. Bf4 c5 16. Rad1 cxd4 17. Nxd4 Nc5 18. Qc2 Qc8 19. b4 Nb7 20. Rd3 Bd6 21. Bc1 e5 22. Ne2 Qe6 23. Bb2 Rac8 24. Rc1 e4 25. Re3 a5 26. Ng3 f5 27. Rb3 Bf4 28. Rd1 Rxc4 29. Qe2 Rec8 30. bxa5 Nxa5 31. Rbd3 R8c7 32. Rd8+ Kf7 33. R8d5 g6 34. Nxf5 gxf5 35. Qh5+ Qg6 36. Rxf5+ Ke7 37. Qh4+ Bg5 38. Rxg5 e3 39. Rg4+ Kf7 40. Rf4+ Ke6 41. Qh3+ Ke7 42. Qxe3+ Qe6 43. Bf6+ 1-0

[Event "Santa Rosa Villarreal Memorial 29th"]
[Site "Santa Rosa"]
[Date "2023.12.08"]
[Round "2"]
[White "Rossi, Juan"]
[Black "Beherens, Leonardo"]
[Result "1-0"]
[WhiteElo "1744"]
[BlackElo "2088"]
[PlyCount "131"]
[EventDate "2023.12.08"]
[EventType "swiss"]
[EventRounds "7"]
[EventCountry "ARG"]
[SourceTitle "CB51_2023"]
[SourceDate "2023.12.20"]
[SourceVersion "1"]
[SourceVersionDate "2023.12.20"]
[SourceQuality "1"]

1. e4 c5 2. Nf3 d6 3. Bb5+ Bd7 4. Bxd7+ Qxd7 5. 0-0 Nc6 6. c3 Nf6 7. Re1 e6 8. d4 cxd4 9. cxd4 d5 10. e5 Ne4 11. Ng5 Nxg5 12. Bxg5 Be7 13. Be3 0-0 14. Nc3 Rac8 15. Qg4 Kh8 16. Rad1 Na5 17. Bc1 f5 18. exf6 Rxf6 19. Re5 Rcf8 20. Nxd5 Rg6 21. Qh3 Bd6 22. Rh5 h6 23. Nc3 Qf7 24. Rf1 Nc6 25. Be3 Kg8 26. Rh4 Ne7 27. Rg4 Nf5 28. Rxg6 Qxg6 29. Ne4 Bc7 30. Nc5 b6 31. Nd7 Rd8 32. Ne5 Bxe5 33. dxe5 Rd3 34. Qf3 Kh7 35. Qe2 Rd7 36. Bf4 Rf7 37. Qc2 Qg4 38. Bg3 h5 39. h3 Qg6 40. Rd1 Qg5 41. Rd3 h4 42. Bh2 g6 43. Rc3 Rd7 44. Rc7 Qd8 45. Rxd7+ Qxd7 46. Bf4 Qg7 47. Qd2 g5 48. Bxg5 Qxe5 49. Bf4 Qe4 50. Qd7+ Kg6 51. Qd2 Nd4 52. Be3 Nf5 53. Kh2 Qe5+ 54. Kg1 Qe4 55. a3 Qb1+ 56. Kh2 Qe4 57. Qc3 Qd5 58. Bf4 Nd4 59. Qc7 Qf5 60. Qe5 Qxe5 61. Bxe5 Nc6 62. Bc3 Kf5 63. g3 hxg3+ 64. fxg3 e5 65. Kg2 Ne7 66. Kf3 1-0

[Event "ARG-ch sf 94th"]
[Site "Buenos Aires"]
[Date "2019.04.05"]
[Round "7"]
[White "Acosta, Pablo Ismael"]
[Black "Beherens, Leonardo"]
[Result "1-0"]
[WhiteElo "2467"]
[BlackElo "2134"]
[PlyCount "115"]
[EventDate "2019.03.30"]
[EventType "swiss"]
[EventRounds "9"]
[EventCountry "ARG"]
[SourceTitle "CBM 189 Extra"]
[Source "ChessBase"]
[SourceDate "2019.06.03"]
[SourceVersion "1"]
[SourceVersionDate "2019.06.03"]
[SourceQuality "1"]

1. d4 Nf6 2. Nf3 g6 3. c4 Bg7 4. Nc3 0-0 5. e4 d6 6. h3 e5 7. d5 c5 8. Be2 a6 9. 0-0 Ne8 10. Ne1 Nd7 11. Nd3 Rb8 12. a4 b6 13. Be3 Qe7 14. Qd2 f5 15. Bg5 Bf6 16. Bh6 Bg7 17. exf5 gxf5 18. Qg5 Qxg5 19. Bxg5 Ndf6 20. Rab1 h6 21. Bh4 Bd7 22. b4 Ne4 23. Nxe4 fxe4 24. Nc1 cxb4 25. Rxb4 a5 26. Rb2 Bxa4 27. Na2 e3 28. Nc3 exf2+ 29. Bxf2 Bd7 30. Rxb6 Rxb6 31. Bxb6 Rxf1+ 32. Kxf1 a4 33. Bd1 a3 34. Bb3 e4 35. Nxe4 Bf5 36. Nd2 Bd3+ 37. Kf2 Nf6 38. Ke3 Bg6 39. Bc7 h5 40. Bxd6 Bh6+ 41. Bf4 Bf8 42. Be5 Nd7 43. Bd4 Nc5 44. Ba2 Nd3 45. Bb1 Bh6+ 46. Ke2 Nc1+ 47. Kd1 Bxb1 48. Nxb1 Nb3 49. Bc3 a2 50. Na3 a1Q+ 51. Bxa1 Nxa1 52. c5 Kf8 53. Nb5 Be3 54. c6 Ke7 55. d6+ Ke6 56. Ke2 Bc5 57. c7 Kd7 58. Kd3 1-0

[Event "ARG-ch U2300"]
[Site "Tacuari"]
[Date "2018.11.19"]
[Round "7"]
[White "Beherens, Leonardo"]
[Black "Zanovello, Ferruccio"]
[Result "1-0"]
[WhiteElo "2099"]
[BlackElo "2034"]
[PlyCount "59"]
[EventDate "2018.11.16"]
[EventType "swiss"]
[EventRounds "7"]
[EventCountry "ARG"]
[SourceTitle "EXT 2020"]
[Source "ChessBase"]
[SourceDate "2019.10.17"]
[SourceVersion "1"]
[SourceVersionDate "2019.10.17"]
[SourceQuality "1"]

1. d4 Nf6 2. c4 g6 3. Nc3 Bg7 4. e4 d6 5. Nf3 0-0 6. h3 c5 7. d5 b5 8. cxb5 a6 9. bxa6 Bxa6 10. Bxa6 Nxa6 11. 0-0 Qc7 12. Rb1 Rfb8 13. Qe2 Nd7 14. Bf4 c4 15. a3 Bxc3 16. bxc3 Rb3 17. Nd4 Qb7 18. Nxb3 cxb3 19. c4 Nac5 20. e5 dxe5 21. Bxe5 Nxe5 22. Qxe5 Rxa3 23. d6 exd6 24. Qxd6 Qc8 25. Rfd1 Ra8 26. Rd5 Ne4 27. Qe5 Nxf2 28. Kxf2 Qxc4 29. Rbd1 Qc8 30. Qf6 1-0

[Event "Monte Grande 1st"]
[Site "Monte Grande"]
[Date "2016.04.09"]
[Round "8"]
[White "Rodriguez Vila, Andres"]
[Black "Beherens, Leonardo"]
[Result "1-0"]
[WhiteElo "2487"]
[BlackElo "2013"]
[PlyCount "79"]
[EventDate "2016.04.02"]
[EventType "tourn"]
[EventRounds "9"]
[EventCountry "ARG"]
[SourceTitle "CBM 171 Extra"]
[Source "ChessBase"]
[SourceDate "2016.04.26"]
[SourceVersion "1"]
[SourceVersionDate "2016.04.26"]
[SourceQuality "1"]

1. e4 c5 2. Nf3 d6 3. c3 Nf6 4. Bd3 Nc6 5. h3 e6 6. 0-0 d5 7. e5 Nd7 8. Re1 g6 9. Bc2 d4 10. d3 Bg7 11. Bf4 0-0 12. cxd4 cxd4 13. Na3 Nb6 14. Qd2 f6 15. exf6 Bxf6 16. Bh6 Bg7 17. Re4 Rf5 18. Bb3 Qf6 19. Bxg7 Kxg7 20. Rae1 Nd5 21. Nc4 Rxf3 22. gxf3 Qxf3 23. Rh4 h5 24. Qg5 Qf6 25. Rxh5 Qxg5+ 26. Rxg5 Nf4 27. Rg3 Kf6 28. Rf3 e5 29. Nxe5 Nxe5 30. Rxf4+ Bf5 31. Bd5 g5 32. Rxf5+ Kxf5 33. Bxb7 Rb8 34. Be4+ Kf6 35. Rb1 Rc8 36. a4 Ke6 37. a5 Kd6 38. b4 Rb8 39. b5 Nd7 40. b6 1-0

[Event "Monte Grande 1st"]
[Site "Monte Grande"]
[Date "2016.04.06"]
[Round "5"]
[White "Beherens, Leonardo"]
[Black "Alarcon Careaga, Gustavo"]
[Result "1-0"]
[WhiteElo "2013"]
[BlackElo "2109"]
[PlyCount "71"]
[EventDate "2016.04.02"]
[EventType "tourn"]
[EventRounds "9"]
[EventCountry "ARG"]
[SourceTitle "CBM 171 Extra"]
[Source "ChessBase"]
[SourceDate "2016.04.26"]
[SourceVersion "1"]
[SourceVersionDate "2016.04.26"]
[SourceQuality "1"]

1. d4 d5 2. c4 c6 3. Nc3 Nf6 4. Bg5 dxc4 5. a4 Qa5 6. Nf3 Ne4 7. Bd2 Nxd2 8. Nxd2 g6 9. Nxc4 Qd8 10. Qd2 Bg7 11. Rd1 0-0 12. e4 Nd7 13. Be2 Rb8 14. b4 Nb6 15. Ne3 f5 16. a5 f4 17. Nc2 Nd7 18. 0-0 b6 19. axb6 axb6 20. Bc4+ Kh8 21. f3 c5 22. Ne2 cxd4 23. Ncxd4 Ne5 24. Bd5 g5 25. Qa2 Qd6 26. Qb3 b5 27. Be6 Nc4 28. Bxc8 Rbxc8 29. Kh1 Qe5 30. Rd3 Ra8 31. Qb1 e6 32. Nc3 Ra6 33. Ncxb5 Rb8 34. Rc1 Rc8 35. Rdc3 Rac6 36. Nxc6 1-0

[Event "ARG-chT"]
[Site "Villa Martelli"]
[Date "2015.09.05"]
[Round "2.5"]
[White "Bernal, Gustavo"]
[Black "Beherens, Leonardo"]
[Result "1-0"]
[WhiteElo "2083"]
[BlackElo "2021"]
[PlyCount "73"]
[EventDate "2015.08.29"]
[EventType "team-swiss"]
[EventRounds "9"]
[EventCountry "ARG"]
[SourceTitle "EXT 2017"]
[Source "ChessBase"]
[SourceDate "2016.10.25"]
[SourceVersion "1"]
[SourceVersionDate "2016.10.25"]
[SourceQuality "1"]
[WhiteTeam "Piedrabuena Harasic"]
[BlackTeam "Ventajedrez Plastigal"]
[WhiteTeamCountry "ARG"]
[BlackTeamCountry "ARG"]

1. d4 Nf6 2. c4 g6 3. Nc3 Bg7 4. e4 d6 5. f3 0-0 6. Be3 c5 7. Nge2 Nc6 8. Qd2 a6 9. d5 Ne5 10. Ng3 e6 11. Be2 exd5 12. exd5 Re8 13. 0-0 Bd7 14. Bg5 b5 15. Qf4 bxc4 16. Rad1 Rb8 17. Nce4 Bf5 18. Nxf5 gxf5 19. Qxf5 Ned7 20. Bxc4 Re5 21. Qf4 h6 22. Nxf6+ Nxf6 23. Bh4 Rxb2 24. Rf2 Rb4 25. a3 Ra4 26. Rb2 Rxd5 27. Rxd5 Nxd5 28. Qg3 Nf6 29. Bxf7+ Kf8 30. Ba2 c4 31. Rb7 Nh5 32. Qg6 Qe8 33. Be7+ Qxe7 34. Rxe7 Kxe7 35. Qxh5 Bd4+ 36. Kf1 Rxa3 37. Bxc4 1-0

[Event "Monte Grande Ponzo Cup U2200 12th"]
[Site "Monte Grande"]
[Date "2015.06.14"]
[Round "4.1"]
[White "Beherens, Leonardo"]
[Black "Barrientos Medina, Juan Carlos"]
[Result "1/2-1/2"]
[WhiteElo "1983"]
[BlackElo "2005"]
[PlyCount "107"]
[EventDate "2015.06.13"]
[EventType "swiss"]
[EventRounds "7"]
[EventCountry "ARG"]
[SourceTitle "EXT 2024"]
[Source "ChessBase"]
[SourceDate "2023.10.10"]
[SourceVersion "1"]
[SourceVersionDate "2023.10.10"]
[SourceQuality "1"]

1. d4 Nf6 2. c4 g6 3. Nc3 d5 4. Bf4 Na6 5. e3 c6 6. Nf3 Bg4 7. h3 Bxf3 8. Qxf3 Nb4 9. Rc1 a5 10. a3 Na6 11. Be5 dxc4 12. Bxc4 Bg7 13. 0-0 0-0 14. Rfd1 e6 15. e4 Qe7 16. Re1 Nd7 17. Bxg7 Kxg7 18. Qe3 Nc7 19. g3 e5 20. Kg2 Rfd8 21. dxe5 Nxe5 22. Be2 Ne6 23. f4 Nd7 24. Nd1 Qd6 25. Nc3 Qc5 26. Qd2 Nf6 27. Qc2 Qe3 28. Rcd1 Nd4 29. Qb1 Nxe2 30. Rxe2 Qb6 31. e5 Ne8 32. f5 Rxd1 33. Qxd1 gxf5 34. Qd3 Qb3 35. Qxf5 Qe6 36. Qxe6 fxe6 37. Rd2 Kg6 38. g4 b5 39. h4 b4 40. axb4 axb4 41. Ne4 h5 42. Nc5 hxg4 43. Nxe6 Kf5 44. Nd4+ Kxe5 45. Nxc6+ Kf5 46. Nxb4 Nf6 47. Nd3 Ne4 48. Rd1 Rd8 49. Nf2 Rb8 50. Nxe4 Kxe4 51. Rd2 Rb3 52. Rd1 Rxb2+ 53. Kg3 Kf5 54. Rf1+ 1/2-1/2

[Event "Buenos Aires U2200 1st"]
[Site "Buenos Aires"]
[Date "2015.02.14"]
[Round "2.1"]
[White "Beherens, Leonardo"]
[Black "Uelf, Maximiliano"]
[Result "0-1"]
[WhiteElo "1971"]
[BlackElo "2197"]
[PlyCount "78"]
[EventDate "2015.02.14"]
[EventType "swiss"]
[EventRounds "7"]
[EventCountry "ARG"]
[SourceTitle "EXT 2024"]
[Source "ChessBase"]
[SourceDate "2023.10.10"]
[SourceVersion "1"]
[SourceVersionDate "2023.10.10"]
[SourceQuality "1"]

1. d4 Nf6 2. c4 e6 3. Nc3 d5 4. Bg5 Nbd7 5. e3 c6 6. Nf3 Qa5 7. Nd2 Bb4 8. Qc2 0-0 9. Be2 c5 10. 0-0 cxd4 11. Nb3 Qc7 12. Nb5 Qb6 13. N5xd4 dxc4 14. Bxc4 a6 15. Nf3 Qc7 16. Qe2 b5 17. Bd3 Bb7 18. e4 Rfc8 19. a3 Be7 20. Rfc1 Qb6 21. Be3 Qd8 22. Bd2 Rxc1+ 23. Rxc1 Rc8 24. Rd1 Nc5 25. Nxc5 Bxc5 26. Bg5 Qc7 27. h3 h6 28. Bc1 Rd8 29. b4 Bb6 30. Bb2 Nxe4 31. Rc1 Qf4 32. Bxe4 Bxe4 33. Rc3 Bb7 34. Qe1 Qg3 35. Kf1 Qd6 36. Ne5 Qd1 37. Qxd1 Rxd1+ 38. Ke2 Rb1 39. Bc1 Bd4 0-1